[Event "Quebec op"]
[Site "Montreal CAN"]
[Date "2012.07.21"]
[Round "1"]
[White "Voskanyan, Vahagn"]
[Black "Yang, Darwin"]
[Result "0-1"]
[WhiteElo "2240"]
[BlackElo "2498"]
[PlyCount "178"]
[GameId "2160767909441924"]
[EventDate "2012.07.21"]
[EventType "swiss"]
[EventRounds "9"]
[EventCountry "CAN"]
[SourceTitle "CBM 149 Extra"]
[Source "ChessBase"]
[SourceDate "2012.08.24"]
[SourceVersion "1"]
[SourceVersionDate "2012.08.24"]
[SourceQuality "1"]

1. Nf3 d5 2. d4 Nf6 3. c4 e6 4. Nc3 c6 5. cxd5 exd5 6. Bg5 Nbd7 7. e3 Be7 8. Qc2 O-O 9. Bd3 Re8 10. O-O Nf8 11. Rfe1 Be6 12. a3 a5 13. Na4 h6 14. Bh4 N8d7 15. Rac1 Rc8 16. Nc5 Nxc5 17. dxc5 Nd7 18. Bxe7 Qxe7 19. Qc3 Ra8 20. Qd4 Qf6 21. h3 g6 22. b3 Kg7 23. Rb1 Nf8 24. Bc2 Bd7 25. Qxf6+ Kxf6 26. Nd4 Be6 27. b4 axb4 28. axb4 Bd7 29. Ra1 Ne6 30. Nb3 Nc7 31. Nd4 Reb8 32. Bd3 Ne6 33. Nc2 b6 34. Rxa8 Rxa8 35. cxb6 Rb8 36. Ra1 Rxb6 37. Ra5 Ke7 38. Kf1 Kd6 39. Ra6 Rb8 40. Ke2 d4 41. Be4 dxe3 42. Kxe3 Re8 43. Kd3 Nc7 44. Ra2 Be6 45. Ra7 Bc8 46. Nd4 Ba6+ 47. b5 Bxb5+ 48. Nxb5+ cxb5 49. Bf3 Re7 50. Rb7 Kc5 51. Kc3 f6 52. h4 Rg7 53. Rb8 Ne6 54. Be2 Nc7 55. Kb3 g5 56. hxg5 hxg5 57. Rf8 Ne6 58. Rc8+ Rc7 59. Re8 Nd4+ 60. Kb2 Nxe2 61. Rxe2 Kd5 62. Re8 Rc5 63. Kb3 Kd6 64. Rf8 Ke6 65. Rb8 Rd5 66. Kc3 Kf5 67. Rb6 Ke5 68. Rb8 Kf4 69. Rb7 f5 70. Rb8 g4 71. Rb7 Ke4 72. Rb8 Rc5+ 73. Kd2 Kd4 74. f3 gxf3 75. gxf3 Kc4 76. Kc2 Kb4+ 77. Kb2 Re5 78. Rf8 Re2+ 79. Kc1 Kc3 80. Rc8+ Kd3 81. Rc5 f4 82. Rxb5 Re1+ 83. Kb2 Ke3 84. Re5+ Kf2 85. Re4 Re2+ 86. Kc3 Kxf3 87. Ra4 Re8 88. Kd2 Kg3 89. Ra7 f3 0-1

[Event "Quebec op"]
[Site "Montreal CAN"]
[Date "2012.07.21"]
[Round "1"]
[White "Wu, Qiyou"]
[Black "Weston, Paul"]
[Result "0-1"]
[WhiteElo "2098"]
[BlackElo "1895"]
[PlyCount "126"]
[GameId "2160767909441925"]
[EventDate "2012.07.21"]
[EventType "swiss"]
[EventRounds "9"]
[EventCountry "CAN"]
[SourceTitle "EXT 2022"]
[Source "ChessBase"]
[SourceDate "2021.10.06"]
[SourceVersion "1"]
[SourceVersionDate "2021.10.06"]
[SourceQuality "1"]

1. e4 e5 2. Nf3 Nc6 3. Bb5 a6 4. Bxc6 dxc6 5. d3 Bd6 6. Nbd2 Be6 7. Nf1 Ne7 8. Ng3 f6 9. O-O Qd7 10. d4 exd4 11. Nxd4 O-O-O 12. Nxe6 Qxe6 13. Qe2 h5 14. Re1 h4 15. Nf1 g5 16. f3 Ng6 17. Qf2 Kb8 18. Be3 Ne5 19. Ba7+ Ka8 20. Bc5 Bxc5 21. Qxc5 h3 22. Qf2 g4 23. fxg4 hxg2 24. Ne3 Nxg4 25. Qf5 Qxf5 26. exf5 Nxh2 27. Red1 Rdg8 28. Nxg2 Rh5 29. Rac1 Rhg5 30. Kxh2 Rxg2+ 31. Kh3 R2g5 32. Rd4 Rxf5 33. Rg4 Rf3+ 34. Kg2 Rxg4+ 35. Kxf3 Rh4 36. Kg3 Rd4 37. Kf3 b6 38. Ke3 c5 39. Rf1 Rd6 40. a4 b5 41. axb5 axb5 42. Rf5 Re6+ 43. Kd3 c4+ 44. Kd4 c6 45. Rf2 Kb7 46. Kc3 c5 47. Kd2 Kc6 48. Rf5 b4 49. Rf4 Kb5 50. Rf3 Rd6+ 51. Ke2 Kc6 52. Rf4 Kb5 53. Rf3 Rc6 54. Kd2 Re6 55. Kd1 Kc6 56. Rf4 Kd5 57. Rf5+ Kd4 58. Rf4+ Ke3 59. Rh4 Rd6+ 60. Kc1 f5 61. Rxc4 Rd5 62. c3 b3 63. Ra4 Ke2 0-1

[Event "Quebec op"]
[Site "Montreal CAN"]
[Date "2012.07.21"]
[Round "1"]
[White "Xu, Haizhou"]
[Black "Sarrazin-Gendron, Roman"]
[Result "1-0"]
[WhiteElo "2126"]
[BlackElo "1938"]
[PlyCount "100"]
[GameId "2160767909441926"]
[EventDate "2012.07.21"]
[EventType "swiss"]
[EventRounds "9"]
[EventCountry "CAN"]
[SourceTitle "EXT 2022"]
[Source "ChessBase"]
[SourceDate "2021.10.06"]
[SourceVersion "1"]
[SourceVersionDate "2021.10.06"]
[SourceQuality "1"]

1. e4 d6 2. d4 Nf6 3. Nc3 g6 4. f4 Bg7 5. Nf3 O-O 6. Bd3 Nc6 7. e5 dxe5 8. fxe5 Nh5 9. Be3 f6 10. exf6 exf6 11. O-O Re8 12. Qd2 Bg4 13. Be2 Nb4 14. Bf2 Nd5 15. Nxd5 Qxd5 16. Rfe1 Qd6 17. h3 Be6 18. c4 c6 19. Rad1 Nf4 20. Bf1 Rad8 21. d5 cxd5 22. cxd5 Bf7 23. Rxe8+ Rxe8 24. Qa5 Bf8 25. Qxa7 Bxd5 26. Be3 Nxh3+ 27. Kh1 Qe6 28. Qd4 Bxf3 29. Bc4 Bxd1 30. Bxe6+ Rxe6 31. Qxd1 Rxe3 32. gxh3 Re7 33. Qb3+ Rf7 34. a4 f5 35. Kg2 f4 36. Kf3 Bc5 37. a5 Be3 38. Qd5 Kg7 39. b4 h6 40. h4 Kf6 41. b5 g5 42. h5 Kg7 43. Qe6 Rf6 44. Qc8 Rf7 45. b6 Bd4 46. Qe6 Bf6 47. Qf5 Kf8 48. a6 bxa6 49. b7 Be5 50. Qxe5 Rxb7 1-0

[Event "Quebec op"]
[Site "Montreal CAN"]
[Date "2012.07.21"]
[Round "1"]
[White "Yun, Chang"]
[Black "Hebert, Jean"]
[Result "0-1"]
[WhiteElo "1988"]
[BlackElo "2436"]
[PlyCount "72"]
[GameId "2160767909441927"]
[EventDate "2012.07.21"]
[EventType "swiss"]
[EventRounds "9"]
[EventCountry "CAN"]
[SourceTitle "EXT 2022"]
[Source "ChessBase"]
[SourceDate "2021.10.06"]
[SourceVersion "1"]
[SourceVersionDate "2021.10.06"]
[SourceQuality "1"]

1. e4 c5 2. Nf3 Nc6 3. Bb5 d6 4. O-O Bg4 5. h3 Bh5 6. Re1 e6 7. c3 Nf6 8. Qa4 Qc7 9. e5 Nd5 10. g4 Bg6 11. d4 Nb6 12. Qb3 d5 13. Bf1 h5 14. Bg5 hxg4 15. hxg4 Be7 16. Bxe7 Qxe7 17. Na3 Be4 18. Bg2 c4 19. Qd1 O-O-O 20. Nb5 Kb8 21. Nd6 f5 22. gxf5 exf5 23. Qd2 Rh5 24. Kf1 Bd3+ 25. Kg1 Rdh8 26. Re3 Be4 27. b4 g5 28. Rxe4 dxe4 29. Ne1 Qh7 30. Kf1 Rh1+ 31. Bxh1 Qxh1+ 32. Ke2 Qh5+ 33. Kf1 Qg4 34. f3 Rh1+ 35. Ke2 Rh2+ 36. Kd1 Rxd2+ 0-1

[Event "Quebec op"]
[Site "Montreal CAN"]
[Date "2012.07.21"]
[Round "1"]
[White "Zhang, Yuanchen"]
[Black "Larochelle, Martial"]
[Result "1/2-1/2"]
[WhiteElo "1987"]
[BlackElo "2240"]
[PlyCount "60"]
[GameId "2160767909441928"]
[EventDate "2012.07.21"]
[EventType "swiss"]
[EventRounds "9"]
[EventCountry "CAN"]
[SourceTitle "EXT 2022"]
[Source "ChessBase"]
[SourceDate "2021.10.06"]
[SourceVersion "1"]
[SourceVersionDate "2021.10.06"]
[SourceQuality "1"]

1. d4 Nf6 2. c4 g6 3. Nc3 d5 4. cxd5 Nxd5 5. g3 Bg7 6. Bg2 Nxc3 7. bxc3 c5 8. e3 Nc6 9. Ne2 Bd7 10. O-O Rc8 11. Ba3 cxd4 12. cxd4 O-O 13. Rc1 Re8 14. Qb3 Na5 15. Qd3 a6 16. Rxc8 Qxc8 17. Rc1 Qd8 18. Nc3 Bc6 19. Bxc6 Nxc6 20. Ne4 Qd5 21. Nc5 Na5 22. Qc3 Nc6 23. Qb3 Qf3 24. Qxb7 Bxd4 25. Nb3 Bxe3 26. fxe3 Qxe3+ 27. Kg2 Qe2+ 28. Kg1 Qe3+ 29. Kg2 Qe2+ 30. Kg1 Qe3+ 1/2-1/2

[Event "Quebec op"]
[Site "Montreal CAN"]
[Date "2012.07.21"]
[Round "1"]
[White "Zhu, Hong Rui"]
[Black "Forget, David"]
[Result "1-0"]
[WhiteElo "2084"]
[BlackElo "1867"]
[PlyCount "79"]
[GameId "2160767909441929"]
[EventDate "2012.07.21"]
[EventType "swiss"]
[EventRounds "9"]
[EventCountry "CAN"]
[SourceTitle "EXT 2022"]
[Source "ChessBase"]
[SourceDate "2021.10.06"]
[SourceVersion "1"]
[SourceVersionDate "2021.10.06"]
[SourceQuality "1"]

1. e4 e6 2. d4 d5 3. e5 c5 4. c3 Nc6 5. Nf3 Bd7 6. Be2 cxd4 7. cxd4 Nge7 8. Nc3 Nf5 9. Be3 Be7 10. O-O O-O 11. Bd3 Nxe3 12. fxe3 f6 13. e4 dxe4 14. Bxe4 f5 15. Bc2 Rc8 16. Kh1 Kh8 17. Bb3 Na5 18. d5 Nxb3 19. Qxb3 exd5 20. Qxb7 Be6 21. Nd4 Rc7 22. Qxc7 Qxc7 23. Nxe6 Qd7 24. Nxf8 Bxf8 25. Rae1 Qe6 26. Rd1 g6 27. Rxd5 Bb4 28. Rfd1 Bxc3 29. bxc3 Kg7 30. h3 Qc6 31. R1d3 Qc4 32. a3 Kf7 33. R5d4 Qb3 34. Re3 Qxa3 35. e6+ Ke8 36. Rd1 Qe7 37. Rb1 Qc5 38. Ree1 Qxc3 39. e7 Qc7 40. Rbd1 1-0

[Event "Quebec op"]
[Site "Montreal CAN"]
[Date "2012.07.22"]
[Round "2"]
[White "Abreu Cordero, Jose"]
[Black "Xu, Haizhou"]
[Result "0-1"]
[WhiteElo "2010"]
[BlackElo "2126"]
[PlyCount "121"]
[GameId "2160767909441930"]
[EventDate "2012.07.21"]
[EventType "swiss"]
[EventRounds "9"]
[EventCountry "CAN"]
[SourceTitle "EXT 2022"]
[Source "ChessBase"]
[SourceDate "2021.10.06"]
[SourceVersion "1"]
[SourceVersionDate "2021.10.06"]
[SourceQuality "1"]

1. d4 Nf6 2. c4 g6 3. Nf3 Bg7 4. Nc3 O-O 5. g3 d6 6. Bg2 Nbd7 7. O-O e5 8. e3 c6 9. b3 Re8 10. Bb2 h6 11. Qc2 exd4 12. exd4 Nb6 13. Rfe1 Bf5 14. Qd2 Qd7 15. Nh4 Bh3 16. Bxh3 Qxh3 17. f3 a5 18. a4 g5 19. Ng2 Qh5 20. Qd3 Qg6 21. Qxg6 fxg6 22. Rad1 d5 23. c5 Nbd7 24. g4 Nf8 25. Rxe8 Rxe8 26. Kf2 N6d7 27. Ba3 b6 28. cxb6 Rb8 29. Rd3 Rxb6 30. Ne2 Ne6 31. Ne3 Kf7 32. Ke1 Nb8 33. Kd1 Na6 34. Kd2 Nb4 35. Bxb4 Rxb4 36. Nc2 Rb8 37. Ne3 Ke7 38. Kc1 Kd7 39. Kb1 Rf8 40. Nc2 h5 41. h3 hxg4 42. hxg4 Rh8 43. Kc1 Rh1+ 44. Kd2 Bf8 45. Ke3 Rh2 46. Rd1 Bd6 47. Rb1 Bf4+ 48. Kd3 Rf2 49. Ne1 c5 50. Rd1 c4+ 51. bxc4 dxc4+ 52. Kxc4 Rxe2 53. d5 Nc7 54. Nd3 Bd6 55. Rh1 Rc2+ 56. Kd4 Ra2 57. Rh7+ Kd8 58. Rh8+ Ke7 59. Rh7+ Kf6 60. Rd7 Rxa4+ 61. Ke3 0-1

[Event "Quebec op"]
[Site "Montreal CAN"]
[Date "2012.07.22"]
[Round "2"]
[White "Beaulieu, Pierre"]
[Black "Fradet, Charles-William"]
[Result "0-1"]
[WhiteElo "1901"]
[BlackElo "1658"]
[PlyCount "72"]
[GameId "2160767909441931"]
[EventDate "2012.07.21"]
[EventType "swiss"]
[EventRounds "9"]
[EventCountry "CAN"]
[SourceTitle "EXT 2022"]
[Source "ChessBase"]
[SourceDate "2021.10.06"]
[SourceVersion "1"]
[SourceVersionDate "2021.10.06"]
[SourceQuality "1"]

1. a4 g6 2. c3 Bg7 3. f4 Nf6 4. Nf3 d6 5. d3 c5 6. Qb3 Nc6 7. Be3 O-O 8. h3 Na5 9. Qc2 Qc7 10. Bf2 c4 11. e4 Nh5 12. g3 Be6 13. Ng5 cxd3 14. Bxd3 Bb3 15. Qe2 d5 16. e5 d4 17. Ne4 f6 18. Nbd2 Bd5 19. c4 Bxe4 20. Bxe4 fxe5 21. Bd5+ Kh8 22. Nf3 exf4 23. Nxd4 fxg3 24. Be3 Nf4 25. Bxf4 Qxf4 26. Ne6 Qf2+ 27. Qxf2 Rxf2 28. Nxg7 Kxg7 29. O-O-O Rc8 30. Kb1 Nxc4 31. Rhg1 Ne3 32. Bxb7 Rcc2 33. Rd3 Rxb2+ 34. Ka1 Rxb7 35. Rxe3 g2 36. Ree1 Kf6 0-1

[Event "Quebec op"]
[Site "Montreal CAN"]
[Date "2012.07.22"]
[Round "2"]
[White "Bergeron, Rene"]
[Black "De Lagrave, Sylvain"]
[Result "0-1"]
[WhiteElo "1780"]
[BlackElo "1970"]
[PlyCount "82"]
[GameId "2160767909441932"]
[EventDate "2012.07.21"]
[EventType "swiss"]
[EventRounds "9"]
[EventCountry "CAN"]
[SourceTitle "EXT 2022"]
[Source "ChessBase"]
[SourceDate "2021.10.06"]
[SourceVersion "1"]
[SourceVersionDate "2021.10.06"]
[SourceQuality "1"]

1. c4 e5 2. Nc3 Bb4 3. a3 Bxc3 4. bxc3 Nf6 5. g3 O-O 6. Bg2 d6 7. Nf3 e4 8. Nd4 c5 9. Nc2 d5 10. cxd5 Qxd5 11. O-O Qh5 12. d4 Rd8 13. Ne3 Nc6 14. Bb2 Bh3 15. Qc2 cxd4 16. cxd4 Nxd4 17. Bxd4 Rxd4 18. Rad1 Rxd1 19. Rxd1 Bxg2 20. Kxg2 Qe5 21. Qb3 Qc7 22. Rd4 Re8 23. Qa4 Qb8 24. Nf5 b5 25. Qb4 a5 26. Qd2 Qe5 27. Qg5 g6 28. g4 Nxg4 29. Qxg4 Qxf5 30. Qg3 Qe5 31. Qc3 Kg7 32. Qd2 e3 33. Qb2 Qf6 34. fxe3 Rxe3 35. Qd2 Re5 36. Rf4 Qe7 37. Qd4 f6 38. e4 g5 39. Rg4 h5 40. Rg3 Rxe4 41. Rxg5+ Kh6 0-1

[Event "Quebec op"]
[Site "Montreal CAN"]
[Date "2012.07.22"]
[Round "2"]
[White "Boudreau, Daniel"]
[Black "Barre, Michel"]
[Result "1-0"]
[WhiteElo "1956"]
[BlackElo "1882"]
[PlyCount "59"]
[GameId "2160767909441933"]
[EventDate "2012.07.21"]
[EventType "swiss"]
[EventRounds "9"]
[EventCountry "CAN"]
[SourceTitle "EXT 2022"]
[Source "ChessBase"]
[SourceDate "2021.10.06"]
[SourceVersion "1"]
[SourceVersionDate "2021.10.06"]
[SourceQuality "1"]

1. e4 c5 2. Nf3 e6 3. d4 cxd4 4. Nxd4 a6 5. Bd3 Nf6 6. O-O Qc7 7. Qe2 Nc6 8. Nxc6 dxc6 9. e5 Nd7 10. f4 Nc5 11. Be3 Nxd3 12. cxd3 c5 13. Nd2 Be7 14. Rac1 Bd7 15. b4 b6 16. Ne4 Bc6 17. bxc5 Bxe4 18. cxb6 Qb7 19. Rc7 Qb8 20. dxe4 Bd8 21. Rc6 O-O 22. Rfc1 Qb7 23. a4 a5 24. Qb5 Ra6 25. Bc5 g6 26. Bxf8 Rxb6 27. Rxb6 Bxb6+ 28. Bc5 Bxc5+ 29. Qxc5 Qxe4 30. Rd1 1-0

[Event "Quebec op"]
[Site "Montreal CAN"]
[Date "2012.07.22"]
[Round "2"]
[White "Bruzon Batista, Lazaro"]
[Black "Gerzhoy, Leonid"]
[Result "1-0"]
[WhiteElo "2711"]
[BlackElo "2459"]
[PlyCount "83"]
[GameId "2160767909441934"]
[EventDate "2012.07.21"]
[EventType "swiss"]
[EventRounds "9"]
[EventCountry "CAN"]
[SourceTitle "CBM 149 Extra"]
[Source "ChessBase"]
[SourceDate "2012.08.24"]
[SourceVersion "1"]
[SourceVersionDate "2012.08.24"]
[SourceQuality "1"]

1. d4 Nf6 2. c4 e6 3. Nf3 b6 4. Nc3 Bb7 5. a3 d5 6. Bg5 Be7 7. Qa4+ c6 8. Bxf6 Bxf6 9. cxd5 exd5 10. g3 O-O 11. Bg2 Na6 12. O-O Nc7 13. Rfd1 Ne6 14. Rac1 g6 15. e3 Bg7 16. h4 Qe7 17. b4 Rfd8 18. Qb3 Rac8 19. Ne1 c5 20. dxc5 d4 21. Nd5 Bxd5 22. Bxd5 Nc7 23. Bb7 Rb8 24. c6 Nb5 25. Nf3 Bh6 26. a4 Nc3 27. Re1 Qc7 28. Rc2 Ne4 29. exd4 Nd6 30. Ba6 Re8 31. Rxe8+ Rxe8 32. Bd3 Bg7 33. Kg2 Rd8 34. h5 Kh8 35. b5 gxh5 36. Qd5 f5 37. Ng5 Qe7 38. c7 Rf8 39. Ne6 Rc8 40. Rc6 Ne8 41. Qxf5 Bf6 42. Nf4 1-0

[Event "Quebec op"]
[Site "Montreal CAN"]
[Date "2012.07.22"]
[Round "2"]
[White "Chiku-Ratte, Olivier-Kenta"]
[Black "Zhu, Hong Rui"]
[Result "1-0"]
[WhiteElo "2196"]
[BlackElo "2084"]
[PlyCount "75"]
[GameId "2160767909441935"]
[EventDate "2012.07.21"]
[EventType "swiss"]
[EventRounds "9"]
[EventCountry "CAN"]
[SourceTitle "EXT 2022"]
[Source "ChessBase"]
[SourceDate "2021.10.06"]
[SourceVersion "1"]
[SourceVersionDate "2021.10.06"]
[SourceQuality "1"]

1. d4 d5 2. c4 e6 3. Nc3 Nf6 4. cxd5 exd5 5. Bg5 Be7 6. Qc2 O-O 7. e3 c6 8. Bd3 Nbd7 9. Nf3 Re8 10. h3 Nf8 11. O-O Be6 12. Rab1 Ne4 13. Bxe7 Qxe7 14. Bxe4 dxe4 15. Qxe4 Ng6 16. Ne5 Nh4 17. Nf3 Ng6 18. Ne5 Nh4 19. Rbd1 Qg5 20. f4 Qh6 21. f5 Bd5 22. Nxd5 cxd5 23. Qxd5 Qxe3+ 24. Kh2 Rf8 25. Ng4 Qe2 26. Rfe1 Qxb2 27. Kg3 Rad8 28. Qe4 Nxf5+ 29. Qxf5 Rxd4 30. Rxd4 Qxd4 31. Qe5 Qd2 32. Re2 Qd3+ 33. Re3 Qd2 34. Kh2 Qxa2 35. Nh6+ Kh8 36. Rg3 f6 37. Qe7 Rg8 38. Nf7+ 1-0

[Event "Quebec op"]
[Site "Montreal CAN"]
[Date "2012.07.22"]
[Round "2"]
[White "Desjardins, Michel"]
[Black "Wu, Qiyou"]
[Result "1-0"]
[WhiteElo "1880"]
[BlackElo "2098"]
[PlyCount "85"]
[GameId "2160767909441936"]
[EventDate "2012.07.21"]
[EventType "swiss"]
[EventRounds "9"]
[EventCountry "CAN"]
[SourceTitle "EXT 2022"]
[Source "ChessBase"]
[SourceDate "2021.10.06"]
[SourceVersion "1"]
[SourceVersionDate "2021.10.06"]
[SourceQuality "1"]

1. e4 c5 2. Nc3 Nc6 3. g3 d6 4. Bg2 g6 5. d3 Bg7 6. Be3 e6 7. Qd2 Qa5 8. f4 Nge7 9. Nf3 Nd4 10. O-O O-O 11. Nd5 Nec6 12. Ne7+ Kh8 13. Nxc6 Qxd2 14. Bxd2 Nxc6 15. c3 Bd7 16. Bh3 b5 17. a3 a5 18. Be3 b4 19. axb4 cxb4 20. d4 Rfb8 21. d5 bxc3 22. bxc3 Ne7 23. Ra3 Bb5 24. Rfa1 exd5 25. e5 dxe5 26. Nxe5 f6 27. Nf7+ Kg8 28. Nd6 Bd3 29. Be6+ Kf8 30. Rxa5 Rxa5 31. Rxa5 f5 32. Bc5 Bxc3 33. Ra3 Rb1+ 34. Kf2 Bb4 35. Ra8+ Kg7 36. Bd4+ Kh6 37. Nf7+ Kh5 38. Rh8 Be1+ 39. Ke3 Kg4 40. Rxh7 Bd2+ 41. Kxd2 Nc6 42. Kxd3 Nb4+ 43. Ke2 1-0

[Event "Quebec op"]
[Site "Montreal CAN"]
[Date "2012.07.22"]
[Round "2"]
[White "Enkh-Amar, Galbadrakh"]
[Black "Carrier, Claude"]
[Result "1/2-1/2"]
[WhiteElo "2105"]
[BlackElo "2197"]
[PlyCount "140"]
[GameId "2160767909441937"]
[EventDate "2012.07.21"]
[EventType "swiss"]
[EventRounds "9"]
[EventCountry "CAN"]
[SourceTitle "EXT 2022"]
[Source "ChessBase"]
[SourceDate "2021.10.06"]
[SourceVersion "1"]
[SourceVersionDate "2021.10.06"]
[SourceQuality "1"]

1. Nf3 c5 2. c4 Nf6 3. g3 e6 4. Bg2 d5 5. O-O Nc6 6. cxd5 exd5 7. d4 Be7 8. Nc3 O-O 9. a3 Bg4 10. dxc5 Bxc5 11. b4 Bb6 12. Bg5 Be6 13. Na4 Bc7 14. Nc5 b6 15. Nxe6 fxe6 16. Rc1 Ne5 17. Nd4 Re8 18. Bh3 Kf7 19. f4 Nc4 20. Nc6 Qd7 21. Qa4 a6 22. Bxf6 Kxf6 23. Rxc4 b5 24. Ne5 Bxe5 25. fxe5+ Kxe5 26. Re4+ dxe4 27. Qb3 Qd5 28. Qb1 Qd4+ 29. Kh1 Rf8 30. Rd1 Qc3 31. Bg2 Kf6 32. Qxe4 Rad8 33. Rg1 g6 34. Qb7 Ke5 35. Qxa6 Rf2 36. Qxb5+ Kf6 37. a4 Kg7 38. Qb7+ Rf7 39. Qe4 Rb8 40. b5 Rf6 41. Rd1 Rd8 42. Rb1 e5 43. Bf3 Rd4 44. Qb7+ Rf7 45. Qa8 Qc2 46. Rg1 e4 47. Qb8 Rd5 48. Bg2 Qxa4 49. Qe8 Qxb5 50. Qxb5 Rxb5 51. Bxe4 Re5 52. Bf3 g5 53. Rb1 Kg6 54. Kg2 Rf6 55. g4 h6 56. Rb4 Kf7 57. Kg3 Rc5 58. h4 gxh4+ 59. Kxh4 Re5 60. Rb7+ Kg6 61. Rb4 Rfe6 62. Rb2 Re3 63. Ra2 Kf6 64. Kh5 Ke7 65. Ra7+ Kd6 66. Ra6+ Kc5 67. Ra5+ Kb4 68. Rd5 Kc3 69. Rd8 R3e5+ 70. Kh4 Kc4 1/2-1/2

[Event "Quebec op"]
[Site "Montreal CAN"]
[Date "2012.07.22"]
[Round "2"]
[White "Forget, David"]
[Black "Yun, Chang"]
[Result "0-1"]
[WhiteElo "1867"]
[BlackElo "1988"]
[PlyCount "78"]
[GameId "2160767909441938"]
[EventDate "2012.07.21"]
[EventType "swiss"]
[EventRounds "9"]
[EventCountry "CAN"]
[SourceTitle "EXT 2022"]
[Source "ChessBase"]
[SourceDate "2021.10.06"]
[SourceVersion "1"]
[SourceVersionDate "2021.10.06"]
[SourceQuality "1"]

1. d4 d5 2. c4 e6 3. Nc3 Nf6 4. cxd5 exd5 5. Bg5 Be7 6. e3 O-O 7. Bd3 Re8 8. Nf3 c6 9. O-O Nbd7 10. Qc2 Nf8 11. Rab1 a5 12. a3 Ne4 13. Bxe7 Qxe7 14. b4 axb4 15. axb4 Ng6 16. b5 Nh4 17. Nxh4 Qxh4 18. bxc6 bxc6 19. Nxe4 dxe4 20. Qxc6 Bf5 21. Be2 Qg5 22. Qc7 h5 23. Qg3 Qe7 24. Bxh5 Ra6 25. Rb5 Be6 26. Rb8 Rxb8 27. Qxb8+ Kh7 28. Qe5 g6 29. Qxe4 f5 30. Qd3 Ra3 31. Bxg6+ Kxg6 32. Qc2 Ra8 33. Qc6 Rc8 34. Qa6 Rd8 35. Rb1 Rd6 36. Qa5 Bd5 37. Qc5 Qe6 38. h3 Rc6 39. Qf8 Qe4 0-1

[Event "Quebec op"]
[Site "Montreal CAN"]
[Date "2012.07.22"]
[Round "2"]
[White "Forget, Luc"]
[Black "Casareno, Erwin"]
[Result "1-0"]
[WhiteElo "2000"]
[BlackElo "2246"]
[PlyCount "42"]
[GameId "2160767909441939"]
[EventDate "2012.07.21"]
[EventType "swiss"]
[EventRounds "9"]
[EventCountry "CAN"]
[SourceTitle "EXT 2022"]
[Source "ChessBase"]
[SourceDate "2021.10.06"]
[SourceVersion "1"]
[SourceVersionDate "2021.10.06"]
[SourceQuality "1"]

1. d4 d5 2. c4 c6 3. Nf3 Nf6 4. Nc3 a6 5. c5 e6 6. Bf4 Nbd7 7. Qc2 Be7 8. e3 O-O 9. Bd3 h6 10. O-O Re8 11. b4 Bf8 12. a4 Nh5 13. b5 Nxf4 14. exf4 Qf6 15. Qd2 Bxc5 16. bxc6 bxc6 17. dxc5 Nxc5 18. Bc2 a5 19. Rab1 Ba6 20. Rfe1 Rec8 21. Ne5 Qd8 1-0

[Event "Quebec op"]
[Site "Montreal CAN"]
[Date "2012.07.22"]
[Round "2"]
[White "Gauthier, Denis"]
[Black "Trahan, Daniel"]
[Result "0-1"]
[WhiteElo "1987"]
[BlackElo "2095"]
[PlyCount "60"]
[GameId "2160767909441940"]
[EventDate "2012.07.21"]
[EventType "swiss"]
[EventRounds "9"]
[EventCountry "CAN"]
[SourceTitle "EXT 2022"]
[Source "ChessBase"]
[SourceDate "2021.10.06"]
[SourceVersion "1"]
[SourceVersionDate "2021.10.06"]
[SourceQuality "1"]

1. d4 Nf6 2. c4 e6 3. Nf3 b6 4. a3 Bb7 5. Nc3 d5 6. cxd5 Nxd5 7. Qc2 Nxc3 8. bxc3 c5 9. e4 Nd7 10. Bf4 cxd4 11. cxd4 Rc8 12. Qb3 Be7 13. Bd3 Nf6 14. Qb5+ Qd7 15. Qb1 Qd8 16. O-O O-O 17. Re1 h6 18. Qb2 Nd7 19. Rac1 Rxc1 20. Rxc1 Nc5 21. dxc5 Qxd3 22. cxb6 Bxa3 23. Qb1 Qxb1 24. Rxb1 axb6 25. Rxb6 Bxe4 26. Nd2 Bd5 27. Bd6 Bxd6 28. Rxd6 Ra8 29. h3 Ra1+ 30. Kh2 Ra2 0-1

[Event "Quebec op"]
[Site "Montreal CAN"]
[Date "2012.07.22"]
[Round "2"]
[White "Gedajlovic, Max"]
[Black "Trottier, Emile"]
[Result "1/2-1/2"]
[WhiteElo "1817"]
[BlackElo "2066"]
[PlyCount "103"]
[GameId "2160767909441941"]
[EventDate "2012.07.21"]
[EventType "swiss"]
[EventRounds "9"]
[EventCountry "CAN"]
[SourceTitle "EXT 2022"]
[Source "ChessBase"]
[SourceDate "2021.10.06"]
[SourceVersion "1"]
[SourceVersionDate "2021.10.06"]
[SourceQuality "1"]

1. d4 e6 2. c4 f5 3. Nf3 Nf6 4. g3 d5 5. Bg2 c6 6. O-O Bd6 7. Nbd2 O-O 8. a3 Nbd7 9. b4 e5 10. Bb2 e4 11. Ne5 Qe8 12. f4 Qh5 13. Re1 Ng4 14. Nf1 g5 15. e3 gxf4 16. exf4 Bc7 17. h3 Ngf6 18. Qxh5 Nxh5 19. cxd5 cxd5 20. Rac1 Nxe5 21. dxe5 Bb6+ 22. Kh2 Be6 23. Red1 Rac8 24. a4 Rxc1 25. Rxc1 Rc8 26. Rxc8+ Bxc8 27. Nd2 Bf2 28. Nf1 Bd7 29. b5 a6 30. bxa6 bxa6 31. Bc1 Bxa4 32. g4 Ng7 33. Ne3 Bxe3 34. Bxe3 Bd7 35. Kg3 Kf7 36. Bf1 a5 37. Be2 Be6 38. Bd1 Bd7 39. Bb3 Ke6 40. Bd4 a4 41. Ba2 Bb5 42. Kf2 Bd3 43. Bc3 Bc2 44. Ke3 Bd1 45. Kd4 fxg4 46. Bxd5+ Kf5 47. Bxe4+ Kxf4 48. Bd2+ Kg3 49. hxg4 Ne6+ 50. Kc4 Bb3+ 51. Kc3 Kxg4 52. Bxh7 1/2-1/2

[Event "Quebec op"]
[Site "Montreal CAN"]
[Date "2012.07.22"]
[Round "2"]
[White "Gulko, Andrei"]
[Black "Luo, Zhao Yang"]
[Result "0-1"]
[WhiteElo "2157"]
[BlackElo "2042"]
[PlyCount "94"]
[GameId "2160767909441942"]
[EventDate "2012.07.21"]
[EventType "swiss"]
[EventRounds "9"]
[EventCountry "CAN"]
[SourceTitle "EXT 2022"]
[Source "ChessBase"]
[SourceDate "2021.10.06"]
[SourceVersion "1"]
[SourceVersionDate "2021.10.06"]
[SourceQuality "1"]

1. d4 Nf6 2. Bg5 d5 3. Bxf6 gxf6 4. e3 Bg7 5. c4 c6 6. Nc3 e5 7. cxd5 cxd5 8. dxe5 fxe5 9. Qxd5 O-O 10. Qxd8 Rxd8 11. Rd1 Rxd1+ 12. Kxd1 Be6 13. Bb5 Nd7 14. Bxd7 Bxd7 15. Nge2 b5 16. a3 a5 17. Nd5 Be6 18. e4 Rd8 19. Kc2 Bxd5 20. exd5 Rxd5 21. Rd1 Rc5+ 22. Kb1 f5 23. f3 Kf7 24. Rd7+ Kg6 25. Ng3 Bf6 26. Rd6 b4 27. axb4 axb4 28. h4 Rc4 29. Nh5 Kxh5 30. Rxf6 Rf4 31. Re6 Kxh4 32. Rxe5 Kg3 33. Re2 Rh4 34. Re5 Rh5 35. Kc2 Kxg2 36. f4 Kf3 37. Rb5 Kxf4 38. Rxb4+ Kg3 39. Rb5 Rh2+ 40. Kc3 f4 41. Rg5+ Kf2 42. b4 f3 43. b5 Rh6 44. Rf5 Re6 45. Rh5 h6 46. Kd4 Kg2 47. Kd5 Rg6 0-1